Statistiche per La maggior parte delle sequenze di tasti: 15 secondi di sprint

Clicka qui per fare il quiz!

Statistiche generali

  • Questo quiz è stato fatto 833 volte
  • Il punteggio medio è 58 su 160

Statistiche sulle risposte

#% Corretto
1
100%
2
98%
3
98%
4
95%
5
94%
6
92%
7
90%
8
89%
9
88%
10
86%
11
85%
12
85%
13
85%
14
85%
15
83%
16
82%
17
80%
18
80%
19
79%
20
76%
21
76%
22
73%
23
71%
24
69%
25
69%
26
66%
27
64%
28
64%
29
63%
30
63%
31
63%
32
63%
33
63%
34
59%
35
58%
36
58%
37
57%
38
57%
39
57%
40
56%
41
56%
42
56%
43
56%
44
54%
45
54%
46
53%
47
51%
48
50%
49
50%
50
49%
51
49%
52
48%
53
47%
54
46%
55
45%
56
44%
57
44%
58
43%
59
42%
60
40%
61
40%
62
40%
63
38%
64
38%
65
37%
66
36%
67
36%
68
34%
69
34%
70
33%
71
33%
72
33%
73
33%
74
32%
75
32%
76
32%
77
31%
78
31%
79
30%
80
30%
81
30%
82
30%
83
29%
84
29%
85
28%
86
28%
87
28%
88
28%
89
28%
90
28%
91
27%
92
27%
93
26%
100
25%
94
25%
95
25%
96
25%
97
25%
98
25%
99
25%
101
24%
102
23%
103
22%
104
22%
105
22%
106
21%
107
20%
108
19%
109
19%
110
18%
111
18%
112
18%
113
17%
114
17%
115
17%
116
17%
117
16%
118
16%
119
15%
120
14%
121
13%
122
12%
123
11%
124
11%
125
11%
126
11%
127
9%
128
9%
129
8%
130
8%
131
7%
132
7%
133
7%
134
7%
135
6%
136
6%
137
6%
138
6%
139
5%
140
5%
141
5%
142
5%
143
5%
144
4%
145
4%
146
4%
147
4%
148
4%
149
4%
150
4%
151
4%
152
4%
153
4%
154
3%
155
3%
156
3%
157
3%
158
3%
159
2%
160
2%

Distribuzione punteggi

Percentile per numero di risposta

Percentuale di utenti per punteggio

I tuoi punteggi nel tempo

Non hai fatto questo quiz